000 00880cam a2200205 4500
001 WB3732-18
008 010828n2001 000 0 eng u
035 _a(Sirsi) u114359
245 _aEnvironment-friendly procurement
260 _c2001
490 _aRICS European Alert
_vAugust 2001, 2-3(1)
520 _aAs part of its sustainable development strategy the European Commission has published a Communication explaining how environmental concerns may be taken into account when awarding public contracts. As a follow-up to this document the Commission intends to produce a practical handbook on green public procurement. The Communication can be viewed at: http://wimap.eu.int
590 _aWB
650 _aEC
650 _aPUBLIC PROCUREMENT
650 _aENVIRONMENTAL CONCERNS
650 _aPUBLIC CONTRACTS
690 _aDEVELOPMENT-SUSTAINABLE
942 _n0
999 _c68100
_d68100